|
|
|
|
| LEADER |
00000caa a2200000 c 4500 |
| 001 |
1525788752 |
| 003 |
DE-627 |
| 005 |
20240620173411.0 |
| 007 |
tu |
| 008 |
160223s2002 xx ||||| 00| ||ger c |
| 020 |
|
|
|a 9783322803771
|
| 035 |
|
|
|a (DE-627)1525788752
|
| 035 |
|
|
|a (DE-576)455788758
|
| 035 |
|
|
|a (DE-599)BSZ455788758
|
| 040 |
|
|
|a DE-627
|b ger
|c DE-627
|e rakwb
|
| 041 |
|
|
|a ger
|
| 100 |
1 |
|
|a Rucht, Dieter
|d 1946-
|0 (DE-588)170336387
|0 (DE-627)060411724
|0 (DE-576)162808542
|4 aut
|
| 109 |
|
|
|a Rucht, Dieter 1946-
|
| 245 |
1 |
0 |
|a Gewalt und neue soziale Beziehungen
|c Dieter Rucht
|
| 264 |
|
1 |
|c 2002
|
| 336 |
|
|
|a Text
|b txt
|2 rdacontent
|
| 337 |
|
|
|a ohne Hilfsmittel zu benutzen
|b n
|2 rdamedia
|
| 338 |
|
|
|a Band
|b nc
|2 rdacarrier
|
| 773 |
0 |
8 |
|i In
|t Internationales Handbuch der Gewaltforschung
|b 1. Aufl.
|d Wiesbaden : Westdt. Verlag, 2002
|g (2002), Seite 461-478
|h 1583 S.
|w (DE-627)333954238
|w (DE-576)095645861
|z 9783322803771
|z 3531135007
|7 nnam
|
| 773 |
1 |
8 |
|g year:2002
|g pages:461-478
|
| 889 |
|
|
|w (DE-627)47610405X
|
| 935 |
|
|
|a mkri
|
| 935 |
|
|
|i mdedup
|
| 951 |
|
|
|a AR
|
| ELC |
|
|
|b 1
|
| LOK |
|
|
|0 000 xxxxxcx a22 zn 4500
|
| LOK |
|
|
|0 001 2899236822
|
| LOK |
|
|
|0 003 DE-627
|
| LOK |
|
|
|0 004 1525788752
|
| LOK |
|
|
|0 005 20260216140736
|
| LOK |
|
|
|0 008 160208||||||||||||||||ger|||||||
|
| LOK |
|
|
|0 040
|a DE-21-110
|c DE-627
|d DE-21-110
|
| LOK |
|
|
|0 689
|a s
|a Neue Soziale Bewegung
|
| LOK |
|
|
|0 689
|a s
|a Gewalt
|
| LOK |
|
|
|0 852
|a DE-21-110
|
| LOK |
|
|
|0 852 1
|m p
|9 00
|
| LOK |
|
|
|0 935
|a k110
|
| LOK |
|
|
|0 938
|k p
|
| LOK |
|
|
|0 939
|a 08-02-16
|b l01
|
| ORI |
|
|
|a WA-MARC-krimdoka001.raw
|